000 00561nam a2200193 a 4500
001 000044144
003 DO-SdBNP
005 20180327150807.0
007 000044144
008 140602s2004 dr 000 0 spa d
040 _aB¨PMET
_bspa
_cBPMET
100 1 _4Torres Castro, Efraín
245 1 0 _aCuentos para mis nietos /
_cEfraín Torres Castro
260 _aSanto Domingo :
_bAmigo del Hogar
_c2004
300 _a118 p. :
_bil. ;
_c16 cm.
942 _2ddc
_cBK
945 _aRemanejado para la BNPHU / 2018 VM
956 _aVMATEO
_b10
_c20150915
_lBPMSU
_h0069
999 _c7251
_d7251